MARC-Details
| 000 -Satzkennung |
| Kontrollfeld mit fester Länge |
02130nam a2200493 cb4500 |
| 001 - Kontrollnummer |
| Kontrollfeld |
BV049091514 |
| 003 - Kontrollnummer Identifier |
| Kontrollfeld |
DE-604 |
| 005 - Datum und Zeit der letzten Transaktion |
| Kontrollfeld |
20240408185622.0 |
| 006 - Datenelemente mit fester Länge - Weitere Materialmerkmale |
| Kontrollfeld mit fester Länge |
a |||| 10||| |
| 007 - Feld mit fester Länge zur physischen Beschreibung - Allgemeine Information |
| Kontrollfeld mit fester Länge |
cr|uuu---uuuuu |
| 008 - Feld mit fester Länge zur physischen Beschreibung - Allgemeine Angaben |
| Kontrollfeld mit fester Länge |
230807s2023 gw |||| o||u| ||||||ger d |
| 020 ## - Internationale Standardbuchnummer |
| Internationale Standardbuchnummer |
9783111085739 |
| Verknüpfung |
978-3-11-108573-9 |
| 020 ## - Internationale Standardbuchnummer |
| Internationale Standardbuchnummer |
9783111086156 |
| Verknüpfung |
978-3-11-108615-6 |
| 020 ## - Internationale Standardbuchnummer |
| Internationale Standardbuchnummer |
3111085384 |
| Verknüpfung |
3-11-108538-4 |
| 035 ## - Systemkontrollnummer |
| System-Kontrollnummer |
(OCoLC)1401180050 |
| 035 ## - Systemkontrollnummer |
| System-Kontrollnummer |
(DE-599)BVBBV049091514 |
| 040 ## - Katalogisierungsquelle |
| Original-Katalogisierungsstelle |
DE-604 |
| Katalogisierungssprache |
ger |
| Übertragungsstelle |
RU-10907106 |
| 041 0# - Sprachcode |
| Sprachcode des Textes/der Tonspur oder des separaten Titels |
ger |
| 044 ## - Ländercode der veröffentlichenden/herstellenden Stelle |
| MARC-Ländercode |
gw |
| ISO-Ländercode |
XA-DE-BE |
| 111 2# - Haupteintragung - Kongressname |
| Kongress- oder Gebietskörperschaftsname als Eintragungselement |
Diskriminierung von Christen in den 1960er Jahren der DDR (Veranstaltung) |
| Datum des Kongresses |
2021 |
| Ort des Kongresses |
Jena |
| Funktionsbezeichnung |
Verfasser |
| IDN des Normdatensatzes oder Standardnummer |
(DE-588)1295938014 |
| Funktionsbezeichnungscode |
aut |
| Koha-Normdatenidentnummer |
61325 |
| 245 10 - Titel |
| Titel |
Verfolgung - Diskriminierung - Emanzipation |
| Zusatz zum Titel |
Homosexualität(en) in Deutschland und Europa 1945 bis 2000 |
| Verfasserangabe etc. |
herausgegeben von Michael Mayer und Michael Schwartz |
| 264 #1 - Produktion, Veröffentlichung, Distribution, Herstellung und Urheberrechtsvermerk |
| Herstellungs-, Veröffentlichungs- Vertriebs-, Erzeugungsort |
Berlin ; Boston |
| Produzent, Herausgeber, Distributor, Hersteller |
De Gruyter Oldenbourg |
| Datum der Herstellung, der Veröffentlichung, des Vertriebs oder des Urheberschutzvermerks |
2023 |
| 264 #4 - Produktion, Veröffentlichung, Distribution, Herstellung und Urheberrechtsvermerk |
| Datum der Herstellung, der Veröffentlichung, des Vertriebs oder des Urheberschutzvermerks |
© 2023 |
| 300 ## - Physische Beschreibung |
| Umfang |
1 Online-Ressource (VII, 245 Seiten) |
| Andere physische Details |
Illustrationen |
| 336 ## - Inhaltstyp |
| Inhaltstypterm |
Text |
| Inhaltstypcode |
txt |
| Quelle |
rdacontent |
| 337 ## - Medientyp |
| Bezeichnung des Medientyps |
Computermedien |
| Medientypcode |
c |
| Quelle |
rdamedia |
| 338 ## - Datenträgertyp |
| Datenträgertypbezeichnung |
Online-Ressource |
| Datenträgertypcode |
cr |
| Quelle |
rdacarrier |
| 490 0# - Gesamttitelangabe |
| Gesamttitelangabe |
Schriftenreihe der Vierteljahrshefte für Zeitgeschichte |
| Bandnummer/Folgebezeichnung |
Band 126 |
| 500 ## - Allgemeine Fußnote |
| Allgemeine Fußnote |
E-Book / Zugriff nur im DHI-Lesesaal |
| 648 #7 - Nebeneintragung unter einem Schlagwort - Zeitschlagwort |
| Zeitschlagwort |
1945-2000 |
| Quelle der Ansetzung oder des Terms |
gnd |
| Koha-Normdatenidentnummer |
12607 |
| 650 07 - Nebeneintragung unter einem Schlagwort - Sachschlagwort |
| Sachschlagwort oder geografischer Name als Eintragungselement |
Homosexualität |
| IDN des Normdatensatzes oder Standardnummer |
(DE-588)4025798-8 |
| Quelle der Ansetzung oder des Terms |
gnd |
| Koha-Normdatenidentnummer |
1221 |
| 650 07 - Nebeneintragung unter einem Schlagwort - Sachschlagwort |
| Sachschlagwort oder geografischer Name als Eintragungselement |
Verfolgung |
| Quelle der Ansetzung oder des Terms |
gnd |
| Koha-Normdatenidentnummer |
3033 |
| 650 07 - Nebeneintragung unter einem Schlagwort - Sachschlagwort |
| Sachschlagwort oder geografischer Name als Eintragungselement |
Diskriminierung |
| Quelle der Ansetzung oder des Terms |
gnd |
| 650 07 - Nebeneintragung unter einem Schlagwort - Sachschlagwort |
| Sachschlagwort oder geografischer Name als Eintragungselement |
Emanzipation |
| Quelle der Ansetzung oder des Terms |
gnd |
| Koha-Normdatenidentnummer |
7373 |
| 651 #7 - Nebeneintragung unter einem Schlagwort - Geografischer Name |
| Geografischer Name |
Deutschland |
| Quelle der Ansetzung oder des Terms |
gnd |
| 651 #7 - Nebeneintragung unter einem Schlagwort - Geografischer Name |
| Geografischer Name |
Europa |
| IDN des Normdatensatzes oder Standardnummer |
(DE-588)4015701-5 |
| Quelle der Ansetzung oder des Terms |
gnd |
| 655 #7 - Indexierungsterm - Genre/Form |
| Genre/Form oder fokussierter Term |
Konferenzschrift |
| Chronologische Unterteilung |
2017 |
| Geografische Unterteilung |
Tutzing |
| Quelle der Ansetzung oder des Terms |
gnd-content |
| Koha-Normdatenidentnummer |
61322 |
| 700 1# - Nebeneintragung - Personenname |
| Personenname |
Mayer, Michael |
| Datumsangaben in Verbindung mit einem Namen |
1974- |
| Funktionsbezeichnung |
Herausgeber |
| IDN des Normdatensatzes oder Standardnummer |
(DE-588)132240807 |
| Funktionsbezeichnungscode |
edt |
| Koha-Normdatenidentnummer |
61326 |
| 700 1# - Nebeneintragung - Personenname |
| Personenname |
Schwartz, Michael |
| Datumsangaben in Verbindung mit einem Namen |
1963- |
| Funktionsbezeichnung |
Herausgeber |
| IDN des Normdatensatzes oder Standardnummer |
(DE-588)133931374 |
| Funktionsbezeichnungscode |
edt |
| Koha-Normdatenidentnummer |
24794 |
| 710 2# - Nebeneintragung - Körperschaftsname |
| Körperschafts- oder Gebietskörperschaftsname als Eintragungselement |
Akademie für Politische Bildung (Tutzing) |
| Funktionsbezeichnung |
Veranstalter |
| IDN des Normdatensatzes oder Standardnummer |
(DE-588)2003667-X |
| Funktionsbezeichnungscode |
orm |
| Koha-Normdatenidentnummer |
61327 |
| 856 ## - Elektronische Adresse und Zugriff |
| URL |
<a href="https://doi.org/10.1515/9783111085739">https://doi.org/10.1515/9783111085739</a> |
| OPAC-Notiz |
Volltext |
| 856 ## - Elektronische Adresse und Zugriff |
| URL |
<a href="https://www.degruyter.com/document/doi/10.1515/9783111085739/html">https://www.degruyter.com/document/doi/10.1515/9783111085739/html</a> |
| OPAC-Notiz |
volltext |
| 942 11 - Zusätzliche Felder (Koha) |
| Koha-Medientyp |
E-Books |
| Klassifikation oder Aufstellungssystematik |
Andere/Generische Klassifikation |